Managing Inflation in Socialist Economies in Transition

Salvato in:
Dettagli Bibliografici
Altri autori: Commander, Simon
Natura: Libro
Lingua:inglese
Pubblicazione: Washington The World Bank 1991
Edizione:1. ed.
Serie:Economic Development Institute of the World Bank
Soggetti:
Tags: Aggiungi Tag
Nessun Tag, puoi essere il primo ad aggiungerne!!

MARC

LEADER 00000nam a2200000 4500
001 c006036
005 20221214094123.2
020 |a 0-8213-1778-4 
041 0 |a eng 
044 |a US 
245 1 0 |a Managing Inflation in Socialist Economies in Transition  |c Edit. Simon Commander 
250 |a 1. ed. 
264 1 |a Washington  |b The World Bank  |c 1991 
300 |a 271 s. 
490 1 |a Economic Development Institute of the World Bank 
830 0 |a Economic Development Institute of the World Bank 
610 2 0 |a stredná Európa 
610 2 0 |a východná Európa 
610 2 0 |a reformy hospodárske 
610 2 0 |a ukazovatele ekonomické 
610 2 0 |a politika hospodárska 
610 2 0 |a IBRD 
610 2 0 |a transformácia 
610 2 0 |a stabilizácia hospodárstva 
700 1 |a Commander, Simon